[Event "FRA-ch"]
[Site "Angers"]
[Date "1990.??.??"]
[Round "11"]
[White "Miralles, Gilles"]
[Black "Bernard, Christophe"]
[Result "1-0"]
[WhiteElo "2460"]
[BlackElo "2335"]

1.d4 Nf6 2.c4 g6 3.Nc3 Bg7 4.e4 d6 5.Be2 O-O 6.Nf3 e5 7.O-O Nc6 8.d5 Ne7
9.Ne1 Nd7 10.Nd3 f5 11.Bd2 Nf6 12.f3 h5 13.b4 f4 14.c5 g5 15.Nf2 Rf7 16.Rc1 Bf8
17.cxd6 cxd6 18.Nb5 Ng6 19.a4 a6 20.Na3 g4 21.fxg4 hxg4 22.Bxg4 Nxg4 23.Nxg4 Bd7
24.h3 Rh7 25.Be1 Nh8 26.Nc4 Rc8 27.Rc3 Nf7 28.a5 Ng5 29.Nb6 Rxc3 30.Nxd7 Rxd7
31.Bxc3 Bg7 32.Qd3 Rc7 33.Be1 Qc8 34.Nf2 Rc4 35.h4 Nh7 36.g3 fxg3 37.Qxg3 Nf6
38.Qg6 Qd7 39.Bd2 Qf7 40.Qf5 Qh5 41.Bg5 Nh7 42.Kg2 Rc2 43.Re1 Rc7 44.Re3 Rf7
45.Qc8+ Nf8 46.Kg3 Kh7 47.Qg4 Qxg4+ 48.Nxg4 Rc7 49.h5 Kg8 50.Rf3 Nh7 51.Bh4 Rc4
52.Be7 Rxb4 53.Bxd6 Rxe4 54.Be7 Rd4 55.d6 Rd5 56.h6 e4 57.Rb3 Bf8 58.Rxb7 e3
59.Bxf8 e2 60.Kf2 Rf5+ 61.Kxe2 Rxf8  1-0

[Event "FRA-ch"]
[Site "Angers"]
[Date "1990.??.??"]
[Round "12"]
[White "Bernard, Christophe"]
[Black "Daillet, Emmanuel"]
[Result "1/2-1/2"]
[WhiteElo "2335"]
[BlackElo "2280"]

1.Nf3 g6 2.e4 Bg7 3.d4 d6 4.c4 Nf6 5.Nc3 O-O 6.Be2 e5 7.O-O Nc6 8.d5 Ne7
9.Nd2 a5 10.Rb1 Nd7 11.a3 f5 12.b4 axb4 13.axb4 Kh8 14.Nb3 b6 15.f3 Nf6 16.c5 bxc5
17.bxc5 Neg8 18.exf5 Bxf5 19.Bd3 Bh6 20.g4 Bxc1 21.Rxc1 Bc8 22.c6 Ne7 23.Be4 Ba6
24.Bd3 Bc8 25.Be4 Ba6 26.Bd3 Bc8  1/2-1/2

[Event "AUT-chT"]
[Site "Austria"]
[Date "1990.??.??"]
[Round "?"]
[White "Titz, Heimo"]
[Black "Rolletschek, Heinrich"]
[Result "1/2-1/2"]
[WhiteElo "2245"]
[BlackElo "2400"]

1.c4 Nf6 2.Nf3 g6 3.Nc3 Bg7 4.e4 d6 5.d4 O-O 6.Be2 e5 7.O-O Nc6 8.Be3 Re8
9.dxe5 dxe5 10.Qxd8 Nxd8 11.Nd5 Ne6 12.Ng5 Nxd5 13.cxd5 Nd4 14.Bd3 Bd7 15.Rac1 Rac8
16.Bxd4 exd4 17.f4 Bh6 18.h4 f6 19.Ne6 Bxe6 20.dxe6 Kf8 21.Bc4 Ke7 22.g4 Rf8
23.Kg2 c5 24.a4 Bg7 25.Rf3 h6 26.Rh1 b6 27.h5 g5 28.Rhf1 Kd6 29.e5+ Ke7 30.fxg5 hxg5
31.Rf5 Rcd8 32.R1f3 a6 33.Bxa6 Kxe6 34.Bc4+ Ke7 35.Kf2 Bh8 36.Ke2 fxe5 37.Rf7+ Rxf7
38.Rxf7+ Kd6 39.Kd3 e4+ 40.Kxe4 Re8+ 41.Kf5 Re3 42.Kxg5 d3 43.Rf2 Ke5 44.Rf8 d2
45.Rxh8 Rd3 46.Re8+ Kd4 47.Bxd3 d1=Q 48.Rd8+ Ke5 49.h6 Qd2+ 50.Kg6 Qg2 51.Re8+ Kf4
52.Bf5 Qc6+ 53.Re6 Qa8 54.h7 Qf8 55.b3 Kf3 56.Rf6 Qh8 57.g5 Kf4 58.Be6+ Kg3
59.Bd7 Qd8 60.Be6 Qh8 61.Bg8 Kg4 62.Be6+  1/2-1/2

[Event "AUT-chT"]
[Site "Austria"]
[Date "1990.??.??"]
[Round "?"]
[White "Herndl, Harald"]
[Black "Fauland, Alexander"]
[Result "1-0"]
[WhiteElo "2300"]
[BlackElo "2480"]

1.Nf3 Nf6 2.d4 g6 3.c4 Bg7 4.Nc3 O-O 5.e4 d6 6.Be2 e5 7.O-O Nc6 8.d5 Ne7
9.b4 c6 10.dxc6 bxc6 11.b5 cxb5 12.cxb5 d5 13.exd5 e4 14.d6 Nf5 15.Ne5 Ne8
16.Bf4 Nexd6 17.Nc6 Qd7 18.Rc1 h5 19.Qd5 Qe6 20.Rfd1 Bxc3 21.Rxc3 Nb7 22.Bc4 Re8
23.Ra3 Qxd5 24.Bxd5 a5 25.bxa6 Nc5 26.Ne5 Ra7 27.Nxf7 Be6 28.Nd6 Nxd6 29.Bxd6 Bxd5
30.Rxd5 Nxa6 31.Bf4 Nb4 32.Rxa7 Nxd5 33.Be3 Rb8 34.h4 Rb1+ 35.Kh2 Nxe3 36.fxe3 Re1
37.Ra3 Kg7 38.Kg3 Re2 39.Kh3 Kf6 40.g4 hxg4+ 41.Kxg4 Rg2+ 42.Kf4 Rh2 43.Ra6+ Kf7
44.Ke5 Rxh4 45.Ra7+ Ke8 46.a4 g5 47.a5 g4 48.Kf4 Kd8 49.a6 Kc8 50.Rg7 Kb8
51.Kxe4 Rh6 52.a7+ Ka8 53.Rxg4 Kxa7 54.Kf5 Kb7 55.Rc4 Rh8 56.e4 Rf8+ 57.Ke6  1-0

[Event "AUT-chT"]
[Site "Austria"]
[Date "1990.??.??"]
[Round "?"]
[White "Schroll, Gerhard"]
[Black "Petschar, Kurt"]
[Result "1-0"]
[WhiteElo "2260"]
[BlackElo "2315"]

1.d4 g6 2.c4 Bg7 3.Nc3 d6 4.e4 Nf6 5.Nf3 O-O 6.Be2 e5 7.O-O Nc6 8.d5 Ne7
9.Nd2 a5 10.a3 Nd7 11.Rb1 f5 12.b4 axb4 13.axb4 Nf6 14.f3 Kh8 15.c5 Neg8
16.Nc4 Ne8 17.Be3 f4 18.Bf2 Qg5 19.Kh1 Qh5 20.cxd6 Nxd6 21.Nxd6 cxd6 22.Nb5 Rf6
23.Nc7 Ra2 24.Ne8 Rf8 25.Nxd6 g5 26.Bc4 Rxf2 27.Rxf2 g4 28.fxg4 Bxg4 29.Be2 Qh4
30.Kg1 Rf6 31.Bxg4 Rxd6 32.Rc2 f3 33.Qxf3 Qd8 34.Rc8 Qb6+ 35.Qf2  1-0

[Event "Bad Wildbad"]
[Site "Bad Wildbad"]
[Date "1990.??.??"]
[Round "7"]
[White "Bernard, Christophe"]
[Black "Taimanov, Mark E"]
[Result "1-0"]
[WhiteElo "2335"]
[BlackElo "2505"]

1.Nf3 Nf6 2.c4 g6 3.d4 Bg7 4.Nc3 O-O 5.e4 d6 6.Be2 e5 7.O-O Nc6 8.d5 Ne7
9.Nd2 c5 10.a3 Ne8 11.b4 b6 12.bxc5 bxc5 13.Nb3 f5 14.Bg5 Bf6 15.Bd2 Kh8
16.Qc2 Ng7 17.Rab1 Nh5 18.g3 f4 19.Qd1 Ng7 20.g4 Ng8 21.Nb5 Qd7 22.Na5 Bh4
23.Nc6 Ne7 24.Ba5 Nxc6 25.dxc6 Qxc6 26.Qxd6 Qxd6 27.Nxd6 f3 28.Bd1 Bxg4 29.Rb7 Ne6
30.Bc3 Kg8 31.Bxe5 Bf6 32.Bxf6 Rxf6 33.e5 Rf4 34.Re1 Rd8 35.h4 Nd4 36.Re4 Rdf8
37.Ba4 Be6 38.Bd7 a5 39.Rxd4 Bxd7 40.Rxf4 Rxf4 41.Rxd7 Rg4+  1-0

[Event "Bad Woerishofen op"]
[Site "Bad Woerishofen"]
[Date "1990.??.??"]
[Round "?"]
[White "Bischoff, Klaus"]
[Black "Rechel, Bernd"]
[Result "1-0"]
[WhiteElo "2505"]
[BlackElo "2285"]

1.Nf3 Nf6 2.c4 g6 3.Nc3 Bg7 4.e4 d6 5.d4 O-O 6.Be2 e5 7.O-O Nc6 8.d5 Ne7
9.Ne1 Nd7 10.Nd3 f5 11.Bd2 Nf6 12.f3 f4 13.g4 h5 14.h3 Nh7 15.Kg2 Kh8 16.Rh1 Ng8
17.Be1 Nh6 18.c5 Kg8 19.Rc1 Ng5 20.Bh4 Bf6 21.cxd6 cxd6 22.Bf2 Qd7 23.Kf1 Bd8
24.Ke1 hxg4 25.hxg4 Nxg4 26.fxg4 f3 27.Bf1 Qxg4 28.Rg1 Qh5 29.Kd2 Bd7 30.Kc2 a5
31.Be3 b5 32.Nf2 Rb8 33.Rh1 Qxh1 34.Nxh1 b4 35.Nb5  1-0

[Event "Bahrain"]
[Site "Bahrain"]
[Date "1990.??.??"]
[Round "1"]
[White "Flear, Glenn C"]
[Black "Abou el Zein, Eid Mahmoud"]
[Result "1-0"]
[WhiteElo "2470"]
[BlackElo "2330"]

1.d4 Nf6 2.c4 g6 3.Nc3 Bg7 4.e4 d6 5.Be2 O-O 6.Nf3 e5 7.O-O Nc6 8.d5 Ne7
9.Nd2 c5 10.Rb1 Ne8 11.b4 b6 12.bxc5 bxc5 13.Qa4 f5 14.Nb3 f4 15.Qa5 Nf6
16.Qxd8 Rxd8 17.Na5 g5 18.Bd2 g4 19.Rb3 h5 20.Rfb1 Kf7 21.Nc6 Rd7 22.Rb8 Rxb8
23.Rxb8 Ba6 24.Bd1 Rc7 25.Nd8+ Kg6 26.Nb5 Rc8 27.Rxc8 Nxc8 28.Nc6 Kf7 29.f3 gxf3
30.gxf3 Nd7 31.Bb3 Bxb5 32.cxb5 Bf6 33.a4 Ke8 34.a5 Bd8 35.Bc4 Bc7 36.Bf1 Nb8
37.Nxa7 Nxa7 38.b6 Bxb6 39.axb6 Nc8 40.Ba5  1-0

[Event "Bahrain"]
[Site "Bahrain"]
[Date "1990.??.??"]
[Round "4"]
[White "Flear, Glenn C"]
[Black "Bouaziz, Slim"]
[Result "1/2-1/2"]
[WhiteElo "2470"]
[BlackElo "2355"]

1.d4 Nf6 2.c4 g6 3.Nc3 Bg7 4.e4 O-O 5.Nf3 d6 6.Be2 e5 7.O-O Nc6 8.d5 Ne7
9.Nd2 a5 10.a3 Nd7 11.Rb1 f5 12.b4 Kh8 13.f3 axb4 14.axb4 f4 15.Na4 c6 16.c5 dxc5
17.d6 cxb4 18.dxe7 Qxe7 19.Nb2 b5 20.Qc2 Rf6 21.Nb3 Bf8 22.Bd2 g5 23.Rfc1 Ra2
24.Bxb5 g4 25.fxg4 cxb5 26.Qxc8 Nb6 27.Qc7 Qe6 28.Qd8 Rf7 29.Nd3 f3 30.Nf2 Ra8
31.Qd3 Nc4 32.gxf3 Rd7 33.Qc2 Na3 34.Qd1 Nxb1 35.Rxb1 Bh6 36.Qc1 Rxd2 37.Nxd2 Qd6
38.Rb2 Rd8 39.Qa1 Bxd2 40.Rxd2 Qxd2 41.Qxe5+ Kg8  1/2-1/2

[Event "Balassagyarmat"]
[Site "Balassagyarmat"]
[Date "1990.??.??"]
[Round "8"]
[White "Ruban, Vadim"]
[Black "Roeder, Mathias"]
[Result "1/2-1/2"]
[WhiteElo "2565"]
[BlackElo "2450"]

1.d4 Nf6 2.c4 g6 3.Nc3 Bg7 4.e4 d6 5.Be2 O-O 6.Nf3 e5 7.O-O Nc6 8.d5 Ne7
9.Nd2 a5 10.a3 Nd7 11.Rb1 f5 12.b4 Kh8 13.Qc2 Ng8 14.exf5 gxf5 15.f4 Ngf6
16.Nf3 Nb6 17.fxe5 dxe5 18.Nxe5 axb4 19.axb4 Nfxd5 20.Nxd5 Nxd5 21.Rd1 c6
22.cxd5 Bxe5 23.Bb2 Bxb2 24.Qxb2+ Qf6 25.dxc6 Qxb2 26.Rxb2 bxc6 27.Bf3 Ra6
28.Rd6 Bb7 29.Rd7 Rb6 30.Re2 Bc8 31.Rc7 Rxb4 32.Ree7 Rh4 33.Rxc6 f4 34.Be4 f3
35.Bxf3 Bf5 36.Rcc7 Bg6 37.h3 Rhf4 38.Bd5 Rd4 39.Bb3 Re4 40.Red7 Re1+ 41.Kh2 Re2
42.h4 Rb8 43.Bd1 Ree8 44.h5 Bf5 45.Rf7 Rf8 46.Rfe7 Rbc8 47.Ra7 Ra8 48.Rxa8 Rxa8
49.g4 Bd3 50.Kg3 h6 51.Kf4 Rf8+ 52.Ke3 Bb5 53.Rc7 Re8+ 54.Kf4 Bd3 55.Bf3 Rf8+
56.Ke3 Bb1 57.Bd5 Re8+ 58.Kd4 Re1 59.Rb7 Rd1+ 60.Ke5 Re1+ 61.Kd6 Rd1 62.Ke5 Re1+
63.Kf6 Rf1+ 64.Ke7 Re1+ 65.Kd6 Rd1 66.Kc5 Rc1+ 67.Kb6 Re1 68.Ra7 Re5 69.Rd7 Be4
70.Bc4 Bf3 71.Rd6 Kg7 72.Rg6+ Kh7 73.Rf6 Bd5  1/2-1/2

[Event "Barcelona Vulca"]
[Site "Barcelona"]
[Date "1990.??.??"]
[Round "3"]
[White "Gual Pascual, Antonio"]
[Black "Fernandez Aguado, Juan Luis"]
[Result "1-0"]
[WhiteElo "2320"]
[BlackElo "2400"]

1.d4 Nf6 2.c4 g6 3.Nc3 Bg7 4.e4 d6 5.Nf3 O-O 6.Be2 e5 7.O-O Nc6 8.d5 Ne7
9.Nd2 a5 10.Rb1 Nd7 11.a3 f5 12.b4 Kh8 13.Qc2 Ng8 14.Bb2 Nh6 15.f3 Nf6 16.c5 axb4
17.axb4 Nh5 18.g3 fxe4 19.Ncxe4 Bf5 20.Qb3 Ng8 21.cxd6 cxd6 22.b5 Ngf6 23.Ba3 Bh6
24.Bxd6 Bxe4 25.Nxe4 Nxe4 26.Bxe5+ Nef6 27.f4 Bg7 28.g4 Nxd5 29.gxh5 Bxe5
30.fxe5 Nf4 31.Bf3 Qd4+ 32.Kh1 Nd3 33.e6 Rxf3  1-0

[Event "Benasque op"]
[Site "Benasque"]
[Date "1990.??.??"]
[Round "?"]
[White "Barbero, Gerardo F"]
[Black "Komljenovic, Davor"]
[Result "1-0"]
[WhiteElo "2450"]
[BlackElo "2470"]

1.d4 Nf6 2.c4 g6 3.Nc3 Bg7 4.e4 d6 5.Nf3 O-O 6.Be2 e5 7.O-O Nc6 8.d5 Ne7
9.Ne1 Nd7 10.Nd3 f5 11.Bd2 Nf6 12.f3 f4 13.g4 g5 14.Be1 h5 15.h3 c5 16.Rb1 b6
17.b4 cxb4 18.Rxb4 Kf7 19.Bf2 Rh8 20.Kg2 Rh6 21.Rh1 Ng6 22.Rb1 Nd7 23.Nb4 Nc5
24.Nc6 Qd7 25.Nb5 Bf6 26.a4 Bd8 27.a5 bxa5 28.Nxd6+ Qxd6 29.Nxd8+ Qxd8 30.Bxc5 Nh4+
31.Kf2 Bd7 32.Ba3 Rb6 33.c5 Rb4 34.Bxb4 axb4 35.Rxb4 Qa5 36.Rc4 Bb5 37.Rc1 Qa3
38.Qd2 Bxe2 39.Rc3 Nxf3 40.Rxa3 Nxd2 41.Kxe2 Nxe4 42.Rc1 hxg4 43.hxg4 Nf6
44.d6 Ke6 45.Ra6 Nxg4 46.Rg1 Nf6 47.d7+ Kf5 48.Rxa7 Rh8 49.Rh1 Rb8 50.c6 g4
51.c7 f3+ 52.Kd2 Nxd7 53.cxb8=Q Nxb8 54.Ke3 Nc6 55.Rg7 Nb4 56.Rh5+ Ke6 57.Rxg4 Nd5+
58.Kxf3 Nf6 59.Rh6  1-0

[Event "Berliner Sommer"]
[Site "Berlin"]
[Date "1990.??.??"]
[Round "?"]
[White "Oltean, Dorel"]
[Black "Gruenberg, Hans Ulrich"]
[Result "1-0"]
[WhiteElo "2390"]
[BlackElo "2475"]

1.d4 Nf6 2.c4 g6 3.Nc3 Bg7 4.e4 d6 5.Nf3 O-O 6.Be2 e5 7.O-O Nc6 8.Be3 Re8
9.dxe5 dxe5 10.h3 Nh5 11.c5 Nd4 12.Bc4 c6 13.Ng5 Rf8 14.Ne2 h6 15.Nxf7 Rxf7
16.Bxd4 exd4 17.Qb3 Qe7 18.g4 Nf6 19.Nf4 Nd7 20.Nxg6 Qf6 21.e5 Qxg6 22.Bxf7+ Qxf7
23.e6  1-0

[Event "Berliner Sommer"]
[Site "Berlin"]
[Date "1990.??.??"]
[Round "?"]
[White "Chekhov, Valery A"]
[Black "Paehtz, Thomas Sr"]
[Result "0-1"]
[WhiteElo "2455"]
[BlackElo "2430"]

1.d4 Nf6 2.c4 g6 3.Nc3 Bg7 4.e4 d6 5.Be2 O-O 6.Nf3 e5 7.O-O Nc6 8.Be3 Ng4
9.Bg5 f6 10.Bh4 g5 11.Bg3 Nh6 12.dxe5 fxe5 13.c5 g4 14.Nd2 dxc5 15.Nb3 Nd4
16.Nxc5 c6 17.Bc4+ Kh8 18.Ne2 Qe7 19.Nb3 Be6 20.Bxe6 Nxe6 21.Qc2 Nf7 22.f3 gxf3
23.Rxf3 Nfg5 24.Rf5 Nf4 25.Rf1 Rxf5 26.exf5 Nd5 27.Bf2 Qb4 28.Ng3 Nf6 29.Nc5 Rd8
30.Be3 Qh4 31.Rd1 Rxd1+ 32.Qxd1 Nf7 33.Qa4 Ng4 34.Nf1 Bh6 35.g3 Bxe3+ 36.Kg2 Qh5
37.h3 Qxf5 38.Ne4 Ng5 39.hxg4 Qf3+ 40.Kh2 Qe2+  0-1

[Event "Biel op"]
[Site "Biel"]
[Date "1990.??.??"]
[Round "3"]
[White "Sher, Miron N"]
[Black "Vukic, Milan"]
[Result "1/2-1/2"]
[WhiteElo "2485"]
[BlackElo "2485"]

1.c4 Nf6 2.Nc3 g6 3.e4 d6 4.d4 Bg7 5.Be2 O-O 6.Nf3 e5 7.O-O Nc6 8.d5 Ne7
9.Nd2 a5 10.a3 Nd7 11.Rb1 f5 12.b4 Kh8 13.f3 Ng8 14.Nb3 axb4 15.axb4 Ndf6
16.c5 Nh5  1/2-1/2

[Event "Biel op"]
[Site "Biel"]
[Date "1990.??.??"]
[Round "3"]
[White "Schaufelberger, Heinz"]
[Black "Bjerke, Richard"]
[Result "1-0"]
[WhiteElo "2300"]
[BlackElo "2315"]

1.d4 Nf6 2.c4 g6 3.Nc3 Bg7 4.e4 d6 5.Nf3 O-O 6.Be2 e5 7.O-O Nc6 8.d5 Ne7
9.Nd2 a5 10.b3 c5 11.a3 Ne8 12.Rb1 f5 13.b4 axb4 14.axb4 b6 15.Bd3 Kh8 16.Qb3 f4
17.bxc5 bxc5 18.Qb6 Qd7 19.f3 g5 20.Rb3 h5 21.Ra3 Rxa3 22.Bxa3 g4 23.Nb5 Bf6
24.Nxd6 Nxd6 25.Bxc5 Nb7 26.Bb4 Nd8 27.Be2 Bg7 28.Ra1 Nb7 29.Ra8 g3 30.Bd1 Nxd5
31.cxd5 Rf6 32.d6 Nxd6 33.Ba4 Nxe4 34.Bxd7 Rxb6 35.Rxc8+ Kh7 36.Bf5+ Kh6
37.Nxe4 Rxb4 38.Rc6+  1-0

[Event "Biel op"]
[Site "Biel"]
[Date "1990.??.??"]
[Round "5"]
[White "Soffer, Ram"]
[Black "Forster, Michael"]
[Result "1-0"]
[WhiteElo "2440"]
[BlackElo "2330"]

1.d4 Nf6 2.c4 g6 3.Nc3 Bg7 4.e4 d6 5.Nf3 O-O 6.Be2 e5 7.O-O Nc6 8.d5 Ne7
9.Bg5 h6 10.Bxf6 Bxf6 11.b4 Bg7 12.c5 f5 13.Nd2 a5 14.a3 axb4 15.axb4 Rxa1
16.Qxa1 Kh7 17.Qa5 dxc5 18.Qxc5 b6 19.Qc4 c6 20.Rd1 cxd5 21.exd5 Bb7 22.Nf3 e4
23.Nd4 Qd6 24.Ncb5 Qxd5 25.Qc7 Nc8 26.Bc4 Qd8 27.Qxb7 Nd6 28.Nxd6 Qxd6 29.Qd5 Rd8
30.Ne6 Qxe6 31.Qxe6  1-0

[Event "Biel op"]
[Site "Biel"]
[Date "1990.??.??"]
[Round "10"]
[White "Ostenstad, Berge"]
[Black "Kuzmin, Alexey"]
[Result "1/2-1/2"]
[WhiteElo "2425"]
[BlackElo "2500"]

1.d4 Nf6 2.c4 g6 3.Nc3 Bg7 4.e4 d6 5.Nf3 O-O 6.Be2 e5 7.O-O Nc6 8.d5 Ne7
9.Nd2 a5 10.Rb1 Nd7 11.a3 f5 12.b4 Kh8 13.f3 b6 14.Qc2 f4 15.Nb5 g5 16.c5 dxc5
17.bxc5 Nxc5 18.Nc4 Ba6 19.Rd1 Bxb5 20.Rxb5 Nb7 21.d6 Nxd6 22.Rxe5 Ng6 23.Red5 Qe7
24.Nxd6 cxd6 25.Rxd6 Rad8 26.R6d5 Rxd5 27.Rxd5 Rd8 28.Qd2 Rxd5 29.Qxd5 Bc3
30.Kf1 Kg7 31.a4 Kh6 32.g3 fxg3 33.hxg3 Be5 34.Kg2 Bxg3 35.Bxg5+ Qxg5 36.Qxg5+ Kxg5
37.Kxg3 Nf4 38.Kf2 Kf6 39.Bb5 h5 40.Kg3 Kg5 41.Kf2 h4 42.Bd7 Kf6 43.Bb5 Ke5
44.Bf1 Kd4 45.Bb5 Ne6 46.Bd7 Nc5 47.Bb5 Ke5 48.Ke3 h3 49.f4+ Kf6 50.Bc6 h2
51.Kf2 Nd3+ 52.Kg2 Nxf4+ 53.Kxh2 Ke5 54.Kg3 Ne6 55.Kf2 Kf4 56.Ke1 Nc5 57.Kd2 Nxe4+
58.Bxe4 Kxe4 59.Kc3 Kd5 60.Kd3  1/2-1/2

[Event "Bordeaux"]
[Site "Bordeaux"]
[Date "1990.??.??"]
[Round "2"]
[White "Neidhardt, Claus Ulrich"]
[Black "Etchegaray, Patrice"]
[Result "1-0"]
[WhiteElo "2305"]
[BlackElo "2280"]

1.d4 Nf6 2.Nf3 g6 3.c4 Bg7 4.Nc3 O-O 5.e4 d6 6.Be2 e5 7.O-O Nc6 8.Be3 Re8
9.dxe5 dxe5 10.h3 h6 11.c5 Be6 12.Qa4 Qc8 13.Rad1 Nh5 14.Nd5 Bxd5 15.exd5 Nd4
16.Nxd4 exd4 17.Rxd4 Ng3 18.fxg3 Rxe3 19.Rd2 Rxg3 20.Bg4 Qe8 21.Qxe8+ Rxe8
22.d6 cxd6 23.cxd6 Rge3 24.Bf3 R3e6 25.Bd5 Rf6 26.Bxb7 Rb8 27.d7 Rxf1+ 28.Kxf1 Bf6
29.Bc8 Kf8 30.d8=Q+ Bxd8 31.Rxd8+ Ke7 32.Rd7+ Ke8 33.Rc7 Kd8 34.Rxf7  1-0

[Event "Borshomi cf (Women)"]
[Site "Borshomi"]
[Date "1990.??.??"]
[Round "1"]
[White "Akhmilovskaya, Elena"]
[Black "Ioseliani, Nana"]
[Result "1/2-1/2"]
[WhiteElo "2430"]
[BlackElo "2480"]

1.d4 Nf6 2.c4 g6 3.Nc3 Bg7 4.e4 d6 5.Nf3 O-O 6.Be2 e5 7.O-O Nc6 8.d5 Ne7
9.Nd2 c6 10.b4 a5 11.bxa5 Qxa5 12.Qc2 c5 13.Nb3 Qd8 14.a4 Nd7 15.a5 Ra6 16.Na4 f5
17.f3 f4 18.g4 Bf6 19.Bd2 h5 20.gxh5 g5 21.Nc1 Qe8 22.Nd3 Qxh5 23.Nf2 Ng6
24.Ng4 Bd8 25.Nb2 Nf6 26.Nxf6+ Rxf6 27.Rf2 Nh4 28.Nd3 g4 29.fxg4 Bxg4 30.Bxg4 Qxg4+
31.Kh1 Rg6 32.Bxf4 exf4 33.Nxf4 Rxa5 34.Raf1 Bf6 35.Nxg6 Qxg6 36.Rxf6 Qxf6
37.Qd1 Qg7 38.Rg1 Ng6 39.e5 dxe5 40.d6 Ra8 41.Qg4 Kh7 42.Qh3+ Qh6 43.Qd7+ Kh8
44.Qe6 Rg8 45.d7 Qh4 46.Qf5 Rg7 47.Rxg6 Qe1+  1/2-1/2

[Event "CSR-ch"]
[Site "Brno"]
[Date "1990.??.??"]
[Round "1"]
[White "Hracek, Zbynek"]
[Black "Salai, Ladislav"]
[Result "1/2-1/2"]
[WhiteElo "2390"]
[BlackElo "2395"]

1.d4 Nf6 2.Nf3 g6 3.c4 Bg7 4.Nc3 O-O 5.e4 d6 6.Be2 e5 7.O-O Nc6 8.d5 Ne7
9.Ne1 Nd7 10.Nd3 f5 11.Bd2 Nf6 12.f3 f4 13.g4 h5 14.g5 Nh7 15.h4 c5 16.Rf2 Bd7
17.b4 b6 18.bxc5 dxc5 19.Qb3 Nc8 20.Nb5 a6 21.Nc3 Nd6 22.Rb1 Qc7 23.Nb2 Rab8
24.a4 Rfe8 25.Bf1 Bf8 26.Be1 Nf7 27.Qd1 Bd6 28.Rh2 Qc8 29.Nd3 Kg7 30.Rhb2 Qc7
31.Nf2 Nf8 32.Bh3 Bxh3 33.Nxh3 Nd7 34.Qd3 Bf8 35.Kg2 Nd6 36.Ne2 Kh7 37.Nc3 Be7
38.Bd2 Rf8 39.Nf2 Qd8 40.Kf1 Qc7 41.Ra2  1/2-1/2

[Event "CSR-ch"]
[Site "Brno"]
[Date "1990.??.??"]
[Round "3"]
[White "Firt, Stanislav"]
[Black "Mrva, Martin"]
[Result "0-1"]
[WhiteElo "2355"]
[BlackElo "2340"]

1.d4 Nf6 2.c4 g6 3.Nc3 Bg7 4.e4 d6 5.Be2 O-O 6.Nf3 e5 7.O-O Nc6 8.d5 Ne7
9.b4 Nd7 10.Bd2 f5 11.Ng5 Nf6 12.f3 c6 13.c5 cxd5 14.exd5 h6 15.Nh3 dxc5
16.Bc4 Kh8 17.bxc5 Nexd5 18.Nxd5 Nxd5 19.Qc1 f4 20.Nf2 Nf6 21.Bb4 Qc7 22.Rd1 Bf5
23.Rd6 Rac8 24.Qe1 Nd7 25.c6 bxc6 26.Rad1 Nb6 27.Be6 Rcd8 28.Bxf5 gxf5 29.Qc3 Rc8
30.Ba5 Qb7 31.Rb1 Qc7 32.Rbd1 Qb7 33.Rb1 Qa6 34.Bxb6 axb6 35.Rxc6 Qxa2 36.Rd1 Rcd8
37.Rxd8 Rxd8 38.h4 Qd2 39.Qxd2 Rxd2 40.Kf1 b5 41.Rb6 Rd5 42.Ke2 Bf8 43.h5 Kg7
44.Nh1 Bd6 45.g3 Kf6 46.gxf4 exf4 47.Nf2 Kg5 48.Nd3 Kxh5 49.Rb7 Kh4 50.Rd7 Rd4
51.Rb7 b4 52.Nf2 Rc4 53.Nd3 h5 54.Rb6 Bc7 55.Rb5 Kg3 56.Rxf5 Rc2+ 57.Kd1 Rh2
58.Rf7 Bb6 59.Nxb4 Kxf3 60.Nd3 Be3 61.Ne1+ Kf2  0-1

[Event "CSR-ch"]
[Site "Brno"]
[Date "1990.??.??"]
[Round "7"]
[White "Hracek, Zbynek"]
[Black "Firt, Stanislav"]
[Result "1/2-1/2"]
[WhiteElo "2390"]
[BlackElo "2355"]

1.d4 Nf6 2.Nf3 g6 3.c4 Bg7 4.Nc3 O-O 5.e4 d6 6.Be2 e5 7.O-O Nc6 8.d5 Ne7
9.Nd2 c5 10.Rb1 Ne8 11.b4 b6 12.a4 f5 13.a5 Kh8 14.Qa4 Bd7 15.Qb3 Bh6 16.axb6 axb6
17.bxc5 bxc5 18.Qb6 Qc8 19.Nf3 Bxc1 20.Rfxc1 Ng8 21.Bd3 Ngf6 22.Ra1 Rb8 23.Qa7 Nc7
24.Rcb1 Rb4 25.Nxe5 dxe5 26.Qxc5 Rxb1+ 27.Rxb1 fxe4 28.Nxe4 Nxe4 29.Bxe4 Na6
30.Qe7 Qc5 31.Qxe5+ Kg8 32.Qg3 Qd4 33.Qe3 Qxc4 34.Bd3 Qa2 35.h3 Bf5 36.Bxf5 Rxf5
37.Rb6 Qa1+ 38.Kh2 Qe5+ 39.Qxe5 Rxe5 40.Rxa6 Rxd5 41.Ra7 h5 42.Kg3 Rg5+ 43.Kf3 Rf5+
44.Ke3 Re5+ 45.Kf3 Rf5+ 46.Ke2 Re5+ 47.Kf1 Rb5 48.g3 Kf8 49.Kg2 Rb3 50.g4 hxg4
51.hxg4 Rc3 52.f3 Rc5 53.Kg3 g5 54.Kf2 Re5 55.Rh7 Kg8 56.Rh5 Ra5  1/2-1/2

[Event "CSR-ch"]
[Site "Brno"]
[Date "1990.??.??"]
[Round "11"]
[White "Lechtynsky, Jiri"]
[Black "Firt, Stanislav"]
[Result "1-0"]
[WhiteElo "2430"]
[BlackElo "2355"]

1.d4 Nf6 2.Nf3 g6 3.c4 Bg7 4.Nc3 O-O 5.e4 d6 6.Be2 e5 7.O-O Nc6 8.d5 Ne7
9.Bd2 Ne8 10.Ne1 f5 11.Nd3 f4 12.Rc1 Rf7 13.c5 Bf8 14.Bg4 Bxg4 15.Qxg4 h5
16.Qd1 Rg7 17.f3 g5 18.cxd6 cxd6 19.Nf2 Ng6 20.a4 Nh4 21.Be1 Rc8 22.h3 Nf6
23.Nb5 Rxc1 24.Qxc1 a6 25.Na3 g4 26.hxg4 hxg4 27.Nxg4 Nxg4 28.fxg4 Rxg4 29.Bxh4 Qxh4
30.Rf3 Rg3 31.Qf1 Be7 32.a5 Qh7 33.Rxg3+ fxg3 34.Qf3 Qh2+ 35.Kf1 Bg5 36.Ke2 Bf4
37.Nc4 Qg1 38.Nxd6 Kf8 39.Nf5 Qb1 40.Qa3+ Kg8 41.Qd3 Qxb2+ 42.Kf3 Qf2+ 43.Kg4 Qd2
44.Qxd2 Bxd2 45.Nd6 Bxa5 46.Nxb7 Bb6 47.Nd6 a5 48.Nc4 a4 49.Nxb6 a3 50.d6 Kf7
51.Nd5 a2 52.d7 a1=Q 53.d8=Q  1-0

[Event "Spring op"]
[Site "Budapest"]
[Date "1990.??.??"]
[Round "1"]
[White "Lukacs, Peter"]
[Black "Blasovszky, Istvan"]
[Result "1-0"]
[WhiteElo "2505"]
[BlackElo "2230"]

1.d4 Nf6 2.c4 g6 3.Nc3 Bg7 4.e4 d6 5.Nf3 O-O 6.Be2 e5 7.O-O Nc6 8.d5 Ne7
9.Nd2 Nd7 10.b4 a5 11.bxa5 Rxa5 12.Nb3 Ra8 13.a4 f5 14.a5 Nf6 15.f3 f4 16.c5 g5
17.Ba3 Ne8 18.Nb5 Rf6 19.Rc1 Ng6 20.Nc3 h5 21.cxd6 cxd6 22.Na4 Ne7 23.Bb4 Bd7
24.Nb6 Rb8 25.Nd2 Rg6 26.Nxd7 Qxd7 27.Nc4 Nc8 28.Kh1 g4 29.Na3 Nf6 30.Bb5 Qd8
31.Qc2 gxf3 32.gxf3 Ne8 33.Bxe8 Qxe8 34.Qc7 Ra8 35.Rg1 Rxg1+ 36.Rxg1 Qf7
37.Nb5 h4 38.Qd8+ Kh7 39.Qxh4+ Bh6 40.Rc1 Ne7 41.Rc7  1-0

[Event "Utasellato IM-A"]
[Site "Budapest"]
[Date "1990.??.??"]
[Round "1"]
[White "Dezan, Pierre"]
[Black "Farago, Sandor"]
[Result "1-0"]
[WhiteElo "2225"]
[BlackElo "2245"]

1.Nf3 Nf6 2.c4 d6 3.d4 g6 4.Nc3 Bg7 5.e4 O-O 6.Be2 e5 7.O-O Nc6 8.d5 Ne7
9.Ne1 Nd7 10.Be3 f5 11.f3 f4 12.Bf2 g5 13.b4 Nf6 14.c5 Ng6 15.cxd6 cxd6 16.Rc1 Rf7
17.a4 Bf8 18.a5 Bd7 19.Kh1 Rg7 20.Rc2 h5 21.Nb5 Ne8 22.Qc1 g4 23.Nxa7 g3
24.Bg1 gxh2 25.Bb6 Qg5 26.Bb5 Bxb5 27.Nxb5 h4 28.Rc8 h3 29.g4 fxg3 30.Qxg5 g2+
31.Nxg2 hxg2+ 32.Qxg2 Rxc8 33.Qg4 Ne7 34.Qe6+ Kh8 35.Qh6+ Kg8 36.Nxd6 Nxd6
37.Qxd6 Rc2 38.Qe6+ Kh7 39.d6 Nc6 40.d7 Be7 41.b5 Nd8 42.Qf5+ Kg8 43.Qxe5 Rcg2
44.f4 Kf8 45.f5 Nf7 46.Qb8+ Bd8 47.e5 Kg8 48.e6 Kh7 49.exf7 Bxb6 50.axb6 Rg1+
51.Kxh2 R7g2+ 52.Kh3  1-0

[Event "Spring op"]
[Site "Budapest"]
[Date "1990.??.??"]
[Round "2"]
[White "Malaniuk, Vladimir P"]
[Black "Csala, Imre"]
[Result "1-0"]
[WhiteElo "2505"]
[BlackElo "2320"]

1.d4 Nf6 2.c4 d6 3.Nf3 g6 4.Nc3 Bg7 5.e4 O-O 6.Be2 e5 7.O-O Nc6 8.d5 Nb8
9.Be3 a5 10.Nd2 Na6 11.a3 Nd7 12.b4 f5 13.f3 Bf6 14.c5 dxc5 15.bxa5 Bg5 16.Bf2 Be7
17.Nc4 Bd6 18.Nb5 Qe7 19.exf5 gxf5 20.Re1 Qf6 21.Bd3 Kh8 22.Ra2 e4 23.fxe4 Ne5
24.Nbxd6 Nxd3 25.Qxd3 cxd6 26.e5 dxe5 27.Rxe5 f4 28.Be1 Nc7 29.Bc3  1-0

[Event "Utasellato IM-A"]
[Site "Budapest"]
[Date "1990.??.??"]
[Round "2"]
[White "Bordas, Gyula"]
[Black "Sinkovics, Peter"]
[Result "0-1"]
[WhiteElo "2210"]
[BlackElo "2360"]

1.c4 g6 2.Nc3 Bg7 3.d4 Nf6 4.e4 d6 5.Be2 O-O 6.Nf3 e5 7.O-O Nc6 8.d5 Ne7
9.Ne1 Nd7 10.f3 f5 11.g4 Kh8 12.Bd2 Ng8 13.Qc1 c6 14.Kg2 fxg4 15.fxg4 Rxf1
16.Kxf1 Ndf6 17.Qd1 Qd7 18.g5 Nh5 19.Bxh5 Qh3+ 20.Kg1 gxh5 21.Qf3 Ne7 22.Qf7 Bg4
23.Qxe7 Rf8 24.Ng2 Qf3 25.Qxf8+ Qxf8 26.Rf1 Qd8 27.Be3 Qa5 28.Rf7 Qb4 29.c5 Qxb2
30.cxd6 Bh3 31.Bf2 Qxc3 32.d7 Qc1+ 33.Be1 Qxg5 34.Bg3 Kg8 35.dxc6 bxc6 36.Rf5 Bxf5
37.Bh4 Qc1+ 38.Ne1 Bxd7  0-1

[Event "Spring op"]
[Site "Budapest"]
[Date "1990.??.??"]
[Round "4"]
[White "Blees, Albert"]
[Black "Winterstein, Wolfgang"]
[Result "1/2-1/2"]
[WhiteElo "2400"]
[BlackElo "2275"]

1.d4 Nf6 2.c4 g6 3.Nc3 Bg7 4.e4 d6 5.Nf3 O-O 6.Be2 e5 7.O-O Nc6 8.d5 Ne7
9.Nd2 c5 10.dxc6 bxc6 11.b4 a6 12.Qc2 d5 13.Rd1 Be6 14.Nb3 Qb6 15.a3 Nxe4
16.Nxe4 dxe4 17.Nc5 Bc8 18.Nxe4 Nf5 19.c5 Qc7 20.Bc4 Nd4 21.Qa2 a5 22.bxa5 Qxa5
23.Bg5 Qa7 24.Be3 Bg4 25.Rdc1 Be6 26.Bxe6 Nxe6 27.a4 Nd4 28.h3 Qa6 29.Rd1 Ra7
30.Kh2 Rfa8 31.Qb2 Rb7 32.Qd2 Qa7 33.Bh6 Rd7 34.Qg5 Ne6 35.Rxd7 Qxd7 36.Nf6+ Bxf6
37.Qxf6 e4 38.Be3 Qd8 39.Qe5 Qb8 40.Qxb8+ Rxb8 41.a5 Ra8 42.g4 Nc7 43.Kg3 f6
44.Kf4 Re8 45.a6 Ra8 46.a7 Nb5 47.Kxe4 Rxa7 48.Rxa7 Nxa7 49.f4 Kf7 50.f5 gxf5+
51.Kxf5 Nc8 52.g5  1/2-1/2